| 000 | 01082nam a2200217 4500 | ||
|---|---|---|---|
| 008 | 100301s1987 mnua b 100 0 eng | ||
| 020 | _a0802802532 | ||
| 090 |
_aLC538 _bM28c |
||
| 245 | 0 | 0 |
_aMaking higher education Christian : _bthe history and mission of evangelical colleges in America / _cedited by Joel A. Carpenter and Kenneth W. Shipps. |
| 260 |
_aSt. Paul, Minn. : _bChristian University Press ; _aGrand Rapids, Mich. : _bW.B. Eerdmans Pub. Co. [distributor], _cc1987. |
||
| 300 |
_axvi, 304 p. : _bill. ; _c22 cm. |
||
| 500 | _aProceedings of a conference sponsored by the Christian College Coalition and the Christian College Consortium, held at the Billy Graham Center in Wheaton, Ill., in May 1985. | ||
| 504 | _aIncludes bibliographies. | ||
| 650 | 4 |
_aChurch colleges _zUnited States _xHistory _xCongresses. |
|
| 700 | 1 | _aCarpenter, Joel A. | |
| 700 | 1 | _aShipps, Kenneth W. | |
| 710 | 2 | 2 | _aChristian College Coalition (U.S.) |
| 710 | 2 | 2 | _aChristian College Consortium (U.S.) |
| 951 |
_p33612 _x00038755 _oLC538/M28c _j100301164014031 _d2000-12-21 _cGC |
||
| 999 |
_c34082 _d34082 |
||